| 000 | 00686nam a2200217 a 4500 | ||
|---|---|---|---|
| 999 |
_c2355 _d2355 |
||
| 001 | 2355 | ||
| 003 | BD-JhCC | ||
| 005 | 20180402115425.0 | ||
| 008 | 171101s20092010bg |||| ||a| 001 0 ben d | ||
| 035 | _a(BD-JhCC)2355 | ||
| 040 |
_aBD-JhCC _dBD-JhCC |
||
| 041 | _aben | ||
| 082 |
_a891.4409 _bWAL 1967 |
||
| 100 | _aওয়ালিউল্লাহ, মোহাম্মদ | ||
| 245 |
_aযুগবিচিত্রা / _c মোহাম্মদ ওয়ালিউল্লাহ, |
||
| 260 |
_aঢাকা : _bমাওলা ব্রাদার্স, _c1967. |
||
| 300 |
_a532 p. : _c22 cm. |
||
| 650 | _aBengali Literature | ||
| 942 |
_2ddc _cBK |
||